| 000 | 03800nam a2200217Ia 4500 | ||
|---|---|---|---|
| 999 |
_c7245 _d7245 |
||
| 003 | OSt | ||
| 005 | 20210331121755.0 | ||
| 008 | 160316s1993 xxu||||| |||| 00| 0 eng d | ||
| 020 | _a9788170224846 | ||
| 040 | _c. | ||
| 082 |
_a328.365000 _bKUM-XV-.A |
||
| 100 | _aKumar Virendra | ||
| 245 | _aCommittees and commissions in India,1977. Vol.15.Part.A | ||
| 260 |
_aNew Delhi _bConcept Publishing Co. _c1993 |
||
| 300 | _a417p | ||
| 365 | _bRs.450/- | ||
| 505 | _aCONTENTS; General Editor's Introduction; Preface; PART A 1. Railway Accident Investigation Report on Collision Between 9UP Barauni-Kanpur (M.G.) Express and Down Garhara (B.G.) Goods Special at Bachwara Station of NorthEastern Railway at About 20.38 Hours on February 2, 1977; 2. Railway Accident Investigation Report on the Collision of No. 16 UP New Delhi-Madras Grand Trunk Express Train with the Rear of Vijayawada-Madras Diesel-II UP Goods Train Between the UP Distant and Home Signals of Ongole Station of the Vijayawada-Gudur Section of South-Central Railway at About 04-10 Hours on February 8, 1977; 3. Railway Accident Investigation Report on Derailment of 104 Down Kathgodam-Bareilly Passenger in the Catch Siding at Haldwani Station of Izatnagar Division of North Eastern, Railway at About 05.12 Hours on 7th February, 1-977; 4. Committee to Conduct Study and Make Recommendations for the Development of Industries Based on Ethyl Alcohol, 1977 – Report; 5. Railway Accident Investigation Report on Derailment of 387 Down Bhusawal-Allahabad Passerger Train at Majhgawan Station on Silfna-Manikpur Section of Central Railway at 11.58 Hours on February 17, 1977; 6. Railway Accident Investigation Report on Collision of BPQD Goods Train with the Rear of No. 76 UP Waltair-Kazipet Passenger Train on the UP Main Line of Kesamudram Station on Vijayawada-Kazipet BG Double Line Section of South Central Railway at About 22.10 Hours on 25th March 1977; 7. Railway Accident Investigation Report on Collision of Motor Car No. USR 9063 and Passenger Train No. 131 UPA 'B' Class Level Crossing on the Lalkua In.Kashipur In. Section of the Izzatnagar Division of North-Eastern Railway at 18.45 Hours on March 28, 1977; 8. Railway Accident Investigation Report on the Derailment of No. 28 UP Mangalore-Madras West Coast Express Train at Sevur Station on the Jolarpettai-Madras Broad Gauge Double Line Section of Southern Railway at About 12.50 Hours on March 30, 1977; 9. Committee on News Agencies, 1977 – Report; 10. Railway Accident Investigation Report on Derailment of 367 UP Sealdah-Lalgola Passenger Train at Km. 52127-53111, In Madanpur Station, In Sealdah Division of Eastern Railway at About 13.26 Hours on April 20, 1977; II. Grover Commissiori of Inquiry to Inquire into Certain Allegations of Corruption, Nepotism, Favouritism and Misuse of Governmental Power Against the Chief Minister and Some pther Ministers and Former Ministers of the State of Karnataka, 1977 - First Report; 12. Grover Commission ofInquiry to Inquire into Certain Allegations of Corruption, Nepotism, Favouritism and Misuse of Governmental Power Against the Chief Minister and Some Other Ministers and Former Ministers of the State of Karnataka, 1977 - Second Report; 13. Railway Accid6nt Investigation Report on the Collision of No. 20 UP 'Trivandrum Central Madras/Central Mail' Train with Two Coupled Light Engines at Km. 117/4-5 in Tiruvalam Station Yard on the Jolarpettai-Madras Double Line Broad Gauge Section of Southern Railway at About 04.07 Hours on May 27,1977; 14. Shah Commission of Inquiry, 1977 – Report; 15. Commission of Inquiry on Maruti Affairs, 1977 – Report. | ||
| 650 | _a1.Committees - Commissions - India | ||
| 700 |
_a _a |
||
| 942 |
_2ddc _cBK |
||